000 00711nam a2200289Ia 4500
005 20260324130559.0
008 008 260324s9999 xx 000 0 eng d
020 _a9780429248245
037 _aEBOOK
040 _aCRL
040 _beng
040 _cCRL
041 _2eng
041 _aeng
084 _qCRL
100 _aSuzanna E. M.D.; Dana Vincent J.M.; Darryl D. Enos
_91182316
245 0 _aPerformance Improvement
245 0 _bMaking it Happen, Second Edition
260 _bTaylor and Francis
260 _c2007
365 _a
365 _b145
856 _uhttp://www.taylorfrancis.com/books/9780429248245
942 _cEBOOK
999 _c1778612
_d1778612